| 000 | 00508nam a2200169 i 4500 | ||
|---|---|---|---|
| 001 | 24938 | ||
| 003 | ES-MaACL | ||
| 005 | 20230906153150.0 | ||
| 007 | t| | ||
| 008 | 021219s1968 sp ||||1| spa d | ||
| 245 | 0 | 0 | _aApuntes de gestión de las explotaciones agrarias. |
| 260 |
_aMadrid : _bServicio de Extensión Agraria, _c[1968] |
||
| 300 |
_a197 p. ; _c24 cm. |
||
| 500 | _aEjemplar multicopista. | ||
| 710 | 2 |
_aEspaña. _bServicio de Extensión Agraria. _93975 |
|
| 852 |
_aES-MaACL _jC-46652 _bR.67373 |
||
| 999 |
_c24938 _d24938 |
||